000 00453cam a2200193ua 4500
001 4021
005 20260515113754.0
008 111213n ii |||gr||||Z||||||asm
040 _cMAIN
082 _a891.4511
100 1 _aChaliha, Padmadhar,
245 1 1 _aPadumani
_cby Padmadhar Chaliha
250 _a1st.
260 _aSibsagarh:
_bPadmadhar chaliha,965.
300 _a53p:
_c23cm.
653 _aAssamese poem
653 _aPadumani
942 _cBK
999 _c3841
_d3841